Проблема квантования бесконечно приводимых связей в теории суперструн; Известия Томского политехнического университета [Известия ТПУ]; Т. 303, вып. 3

Bibliografiske detaljer
Parent link:Известия Томского политехнического университета [Известия ТПУ]/ Томский политехнический университет (ТПУ).— , 2000-
Т. 303, вып. 3.— 2000.— [С. 140-153]
Hovedforfatter: Галажинский А. В. Антон Владимирович
Summary:Заглавие с титульного листа
Электронная версия печатной публикации
Техника ковариантного дополнения бесконечно приводимых связей первого рода до системы связей конечного порядка приводимости реализована для примера нулевой моды суперструны или суперчастицы. Проанализированы производящие уравнения БРСТ-алгебры. В расширенном фазовом пространстве построен БРСТ-заряд с конечным набором гостовских переменных, позволяющий произвести последовательное квантование методом континуального интеграла для рассматриваемой модели.
Sprog:russisk
Udgivet: 2000
Fag:
Online adgang:http://www.lib.tpu.ru/fulltext/v/Bulletin_TPU/2000/v303/i3/14.pdf
Format: Electronisk Book Chapter
KOHA link:https://koha.lib.tpu.ru/cgi-bin/koha/opac-detail.pl?biblionumber=162897

MARC

LEADER 00000nla2a2200000 4500
001 162897
005 20231218115055.0
035 |a (RuTPU)RU\TPU\book\176685 
035 |a RU\TPU\book\176682 
090 |a 162897 
100 |a 20090629d2000 k y0rusy50 ca 
101 0 |a rus 
102 |a RU 
135 |a drnn ---uucaa 
181 0 |a i  
182 0 |a b 
200 1 |a Проблема квантования бесконечно приводимых связей в теории суперструн  |f А. В. Галажинский 
203 |a Текст  |c электронный 
215 |a 1 файл (4.8 Мб) 
300 |a Заглавие с титульного листа 
300 |a Электронная версия печатной публикации 
320 |a [Библиогр.: с. 153 (14 назв.)] 
330 |a Техника ковариантного дополнения бесконечно приводимых связей первого рода до системы связей конечного порядка приводимости реализована для примера нулевой моды суперструны или суперчастицы. Проанализированы производящие уравнения БРСТ-алгебры. В расширенном фазовом пространстве построен БРСТ-заряд с конечным набором гостовских переменных, позволяющий произвести последовательное квантование методом континуального интеграла для рассматриваемой модели. 
337 |a Adobe Reader 
461 1 |0 (RuTPU)RU\TPU\book\176237  |t Известия Томского политехнического университета [Известия ТПУ]  |f Томский политехнический университет (ТПУ)  |d 2000- 
463 1 |0 (RuTPU)RU\TPU\book\176638  |t Т. 303, вып. 3  |o тематический выпуск  |f под ред. В. Л. Ульянова  |v [С. 140-153]  |d 2000 
610 1 |a теория суперструн 
610 1 |a бесконечно приводимые связи 
610 1 |a квантование 
610 1 |a труды учёных ТПУ 
610 1 |a электронный ресурс 
675 |a 539.12  |v 3 
700 1 |a Галажинский  |b А. В.  |c физик  |c доктор физико-математических наук, профессор кафедры высшей математики и математической физики физико-технического института (ВМиМФ ФТИ) Томского политехнического университета  |f 1971-  |g Антон Владимирович  |3 (RuTPU)RU\TPU\pers\26711  |4 070  |9 12369 
801 1 |a RU  |b 63413507  |c 20090623  |g PSBO 
801 2 |a RU  |b 63413507  |c 20110210  |g PSBO 
856 4 |u http://www.lib.tpu.ru/fulltext/v/Bulletin_TPU/2000/v303/i3/14.pdf 
942 |c CF